Publicación en internet y tecnología XML / (Record no. 112194)

MARC details
000 -CABECERA
campo de control de longitud fija 00792nam a2200229 a 4500
005 - FECHA Y HORA DE LA ÚLTIMA TRANSACCIÓN
campo de control 20250311063803.0
008 - ELEMENTOS DE LONGITUD FIJA--INFORMACIÓN GENERAL
campo de control de longitud fija 050523s2004 000 eng d
020 ## - NÚMERO INTERNACIONAL NORMALIZADO PARA LIBROS
Número Internacional Estándar del Libro 970151016X
035 ## - NÚMERO DE CONTROL DEL SISTEMA
Número de control de sistema UPN01000140046
049 ## - COLECCIÓN
Colección CG
050 #4 - SIGNATURA TOPOGRÁFICA DE LA BIBLIOTECA DEL CONGRESO
Número de clasificación TK5105.875 I5.7
Número de documento/Ítem R6.6
100 1# - ASIENTO PRINCIPAL--NOMBRE PERSONAL
Nombre de persona Rodríguez Zamora, Alonso
245 10 - MENCIÓN DE TÍTULO
Título Publicación en internet y tecnología XML /
Mención de responsabilidad, etc. Alonso Rodríguez Zamora.
260 ## - PUBLICACIÓN, DISTRIBUCIÓN, ETC.
Lugar de publicación, distribución, etc. México :
Nombre del editor, distribuidor, etc. Alfaomega :
-- Ra-Ma,
Fecha de publicación, distribución, etc. c2004.
300 ## - DESCRIPCIÓN FÍSICA
Extensión 438 p. :
Otras características físicas il. +
Material acompañante/anejo 1 disco óptico de computador ; 4 3/4 plg.
500 ## - NOTA GENERAL
Nota general "Incluye CD-ROM"
506 ## - NOTA DE RESTRICCIONES AL ACCESO
Limitaciones de acceso Solicítalo en : Documentación
650 #4 - ASIENTO SECUNDARIO DE MATERIA - TERMINO TEMATICO
Término de materia o nombre geográfico como elemento de entrada Internet
9 (RLIN) 547
650 #4 - ASIENTO SECUNDARIO DE MATERIA - TERMINO TEMATICO
Término de materia o nombre geográfico como elemento de entrada HTML (LENGUAJE DE MARCADO DE HIPERTEXTO)
9 (RLIN) 3900
650 #2 - ASIENTO SECUNDARIO DE MATERIA - TERMINO TEMATICO
Término de materia o nombre geográfico como elemento de entrada World Wide Web (Sistema de recuperación de información)
9 (RLIN) 12328
905 ## - TIPO DE MATERIAL
Tipo de material Libro
Holdings
Estado de retiro Estado de pérdida Fuente del sistema de clasificación o colocación Estado dañado No para préstamo Código de colección Localización permanente Ubicación/localización actual Ubicación en estantería Total de préstamos Clasificación Código de barras Fecha visto por última vez Número de copia Tipo de ítem Koha Fecha de adquisición Precio válido a partir de Nota pública
    Library of Congress Classification     Colección General Bib. Gregorio Torres Quintero Bib. Gregorio Torres Quintero Planta baja 1 TK5105.875 I5.7 R6.6 228927 31/12/2020 1 Libro      
    Library of Congress Classification     Colección General Bib. Gregorio Torres Quintero Bib. Gregorio Torres Quintero Planta baja 3 TK5105.875 I5.7 R6.6 228928 31/12/2020 1 Libro      
    Library of Congress Classification     Colección General Bib. Gregorio Torres Quintero Bib. Gregorio Torres Quintero Planta baja   TK5105.875 I5.7 R6.6 228929 31/12/2020 1 Libro      
    Library of Congress Classification     Materiales complementarios y otros recursos electrónicos  Bib. Gregorio Torres Quintero Bib. Gregorio Torres Quintero Mostrador de préstamo Planta baja   TK5105.875 I5.7 R6.6 337154 23/02/2024 Ej. 2 Disco Compacto 23/02/2024 23/02/2024 Solicítalo en el mostrador de préstamo
    Library of Congress Classification     Materiales complementarios y otros recursos electrónicos  Bib. Gregorio Torres Quintero Bib. Gregorio Torres Quintero Mostrador de préstamo Planta baja   TK5105.875 I5.7 R6.6 337155 23/02/2024 Ej. 3 Disco Compacto 23/02/2024 23/02/2024 Solicítalo en el mostrador de préstamo